000 00770nam a2200169 i 4500
001 163661
003 ES-MaACL
005 20230906212802.0
008 050719s1899 sp | |||||||| ||spa d
040 _aCAM
_bspa
_cCAM
100 1 _aRobles y Nisarre, José de.
_9131901
245 1 0 _aMemoria de los trabajos realizados por el Consejo de la Asociación de Agricultores de España
_b: 1898-99 /
_credactada por José de Robles y Nisarre.
260 _aMadrid :
_b[s.n.],
_c1899 (
_fImprenta de los hijos de M.G. Hernandez)
300 _a36 p. ;
_c23 cm.
610 0 4 _aAsociación de Agricultores de España.
_91550
852 _aES-MaACL
_jT-921-F-6
_z-- Enc. hol. conservando la cub. original
_z-- Donación de la Asociación
_z-- Enc. en un vol. facticio que mide 29 cm
999 _c163661
_d163661